| 000 | 00784nam a2200217Ia 4500 | ||
|---|---|---|---|
| 001 | b2984-25229 [4233] | ||
| 003 | IT-MiCISF | ||
| 008 | 161014s9999||||xx |||||||||||||| ||und|| | ||
| 040 |
_aIT-MiCISF _cIT-MiCISF |
||
| 041 | _ait | ||
| 100 | _aMalagoli Togliatti Marisa | ||
| 245 | 0 |
_aAdolescenti e genitori _bUna relazione affettiva tra potenzialità e rischi |
|
| 250 | _a1a ed. | ||
| 260 |
_a Roma _bNIS _c1993 |
||
| 300 | _app. 177 | ||
| 500 | _a / adolescenza, rapporti-genitori-figli, distacco, psicologia, funzionamento-familiare, formazione-personalità , comunicazione, famiglia, figli-divorzio, mediazione, gruppo-di-pari, disadattamento, figli-adolescenti / | ||
| 650 | _aetà -evolutiva | ||
| 700 | _aArdone Ritagrazia | ||
| 942 | _cBK | ||
| 957 | _71 | ||
| 999 |
_a25229 _bsi _g1 _c214432 _d214432 |
||